| 000 | 00858nam a22002415a 4500 | ||
|---|---|---|---|
| 005 | 20160120155628.0 | ||
| 008 | 150414s2014 gw a frb 000 0 eng d | ||
| 020 | _a9783659532306 | ||
| 040 |
_aEG-ScBUE _beng _cEG-ScBUE _dEG-ScBUE |
||
| 082 | 0 | 4 |
_a615.314 _bABD _222 |
| 100 | 1 |
_aAbdelRhman, Dalia. _937627 |
|
| 245 | 1 | 0 |
_aMetronidazole "controlled release delivery systems"/ _cDalia Abdelrhman, Alaa Eldin Kassem and Maha Marzouk. |
| 246 | 3 | 0 | _aControlled release delivery systems |
| 260 |
_aSaarbrücken : _bLap Lambert Academic Publishing, _c2014. |
||
| 300 |
_a411 p. : _bill. ; _c23 cm. |
||
| 504 | _aBibliography : p. 373-411. | ||
| 650 | 7 |
_937630 _aMetronidazole. _2BUEsh |
|
| 651 | _2BUEsh | ||
| 653 |
_bPPhrm _cApril2015 _cJanuary2016 |
||
| 700 | 1 |
_937629 _aMarzouk, Maha. |
|
| 700 | 1 |
_937628 _aKassem, Alaa ElDin. |
|
| 942 |
_2ddc _k615.314 ABD |
||
| 999 |
_c19186 _d19158 |
||